Statistics for Arctic Ocean Countries

Click here to take the quiz!

General Stats

  • This quiz has been taken 64,768 times
    (64,719 since last reset)
  • The average score is 6 of 6

Answer Stats

Country% Correct
Russia
98%
Canada
97%
Norway
97%
Denmark (Greenland)
94%
Iceland
93%
United States
92%

Score Distribution

Percentile by Number Answered

Percent of People with Each Score

Your Score History

You have not taken this quiz since the last reset